000 00698 a2200241 4500
003 OSt
005 20180116192328.0
008 120420t xxu||||| |||| 00| 0 eng d
010 _a 75312581
020 _a0713903333 :
040 _c0
082 0 0 _a721
100 1 _aMainstone, R. J.
_9958
245 1 0 _aDevelopments in structural form /
_cRowland Mainstone.
260 _aLondon :
_bAllen Lane,
_c1975.
300 _a350 p. :
_bill. ;
_c31 cm.
500 _aIncludes index.
650 0 _aBuilding.
_9959
650 0 _aStructural engineering.
_9960
650 0 _aArchitecture.
_9961
942 _aSADA
_cBK
_k721 MAI 1975
_2ddc
999 _c352279
_d352279